Comparacao geológica entre a América do Sul e a Africa do Sul

Uloženo v:
Podrobná bibliografie
Hlavní autor: Du Toit, Alex L (Autor)
Médium: Kniha
Jazyk:portugalština
Vydáno: Río de Janeiro Servico Gráfico do Instituto Brasileiro de Geografía e Estatística 1952
Témata:
Tagy: Přidat tag
Žádné tagy, Buďte první, kdo vytvoří štítek k tomuto záznamu!

MARC

LEADER 00000nam a2200000 a 4500
001 UCU4737
003 CL-VaPUC
008 960524e19520000BL |||||||||||||||||por|d
082 0 4 |a 551.09  |b DUT  |2 21 
100 0 |a Du Toit, Alex L  |e author  |9 362398 
245 1 0 |a Comparacao geológica entre a América do Sul e a Africa do Sul 
300 |a 179 p 
942 |c BK 
945 |d 19960524 00:00:00  |a paguirre 
260 |a Río de Janeiro  |b Servico Gráfico do Instituto Brasileiro de Geografía e Estatística  |c 1952 
650 0 |a Geología   |9 260984 
650 7 |a TIERRA  |2 CL-VaPUC  |9 261538 
650 7 |a ESTRUCTURAS GEOLOGICAS  |2 CL-VaPUC  |9 362266 
650 7 |a GEOLOGIA HISTORICA  |2 CL-VaPUC  |9 362399 
651 0 |a América  |9 255182 
651 0 |a África  |9 256790 
651 0 |a Argentina  |9 254888 
651 0 |a Bolivia  |9 255454 
651 0 |a Brasil  |9 267393 
651 0 |a Uruguay  |9 255194 
651 0 |a Paraguay  |9 255336 
583 |a last modification  |c 19960524 00:00:00  |k Rodrigo Vera 
999 |c 248315  |d 248313 
952 |0 0  |1 0  |4 0  |6 551_090000000000000_DUT_1952  |7 0  |8 A  |9 264858  |a BIBING  |b BIBING  |d 2019-11-19  |i 166395K  |o 551.09 DUT 1952  |p 166395K  |r 2025-01-20  |w 2019-11-19  |y BK  |k GEO